Čítanka k dějinám českého a slovenského novinářství čast 1

Bibliographic Details
Main Author: Klimeš, Vladimír (Author)
Format: Book
Language:Undetermined
PhysicalDescription:214 s.
Published: Praha Státní pedagogické nakladatelství 1962

MARC

LEADER 00000nam a2200000 a 4500
001 vtls001380651
003 SK-MaSNL
005 20260416165053.0
008 240313s1962 xx 0 und
035 |a SNK000334647 
040 |a SNK  |b slo  |c SNK  |e AACR2 
100 1 |a Klimeš, Vladimír  |4 aut  |9 455030 
245 1 |a Čítanka k dějinám českého a slovenského novinářství čast 1 
260 |a Praha  |b Státní pedagogické nakladatelství  |c 1962 
300 |a 214 s. 
999 |c 722639  |d 724569 
952 |t P60, <04>, [BOOK], {604}  |a SNK  |b SNK  |y VYP  |7 0  |p 17A0223922  |o snkIB 12260  |0 0  |1 0  |4 0  |d 2000-01-12  |l 0  |r 2005-01-02 00:00:00  |w 2026-02-23